[Event "HUN-chT2 Toth 1718"]
[Site "Hungary"]
[Date "2017.12.17"]
[Round "6.5"]
[White "Puha, Peter"]
[Black "Donko, Matyas"]
[Result "1-0"]
[WhiteElo "1956"]
[BlackElo "1932"]
[PlyCount "77"]
[EventDate "2017.09.24"]
[EventType "team-tourn"]
[EventRounds "11"]
[EventCountry "HUN"]
[SourceTitle "EXT 2021"]
[Source "ChessBase"]
[SourceDate "2020.10.23"]
[SourceVersion "1"]
[SourceVersionDate "2020.10.23"]
[SourceQuality "1"]
[WhiteTeam "Karcag"]
[BlackTeam "Kecskemet Takisz"]
[WhiteTeamCountry "HUN"]
[BlackTeamCountry "HUN"]

1. e4 c5 2. Nf3 g6 3. d4 Bg7 4. Be2 Nf6 5. e5 Ng4 6. h3 Nh6 7. d5 d6 8. 0-0 0-0 9. exd6 exd6 10. c3 a6 11. a4 Nd7 12. Nbd2 f6 13. Nc4 Ne5 14. Nfd2 Bf5 15. Ne3 Bd3 16. f4 Bxe2 17. Qxe2 Nd7 18. Nec4 Re8 19. Qd3 Qc7 20. Ne4 Bf8 21. a5 b5 22. axb6 Nxb6 23. Nxf6+ Kg7 24. Nxe8+ Rxe8 25. Rxa6 Nxc4 26. Qxc4 Nf5 27. Qa4 Qd8 28. Ra7+ Re7 29. Re1 Rxa7 30. Qxa7+ Kg8 31. Qa4 Qh4 32. Bd2 Qg3 33. Qe4 c4 34. Ra1 h5 35. Qe6+ Kh7 36. Ra8 Bg7 37. Qg8+ Kh6 38. Ra7 h4 39. Rxg7 1-0

[Event "HUN-chT2 Toth 1718"]
[Site "Hungary"]
[Date "2017.11.26"]
[Round "4.4"]
[White "Lovas, Daniel"]
[Black "Puha, Peter"]
[Result "1-0"]
[WhiteElo "2095"]
[BlackElo "1956"]
[PlyCount "81"]
[EventDate "2017.09.24"]
[EventType "team-tourn"]
[EventRounds "11"]
[EventCountry "HUN"]
[SourceTitle "EXT 2021"]
[Source "ChessBase"]
[SourceDate "2020.10.23"]
[SourceVersion "1"]
[SourceVersionDate "2020.10.23"]
[SourceQuality "1"]
[WhiteTeam "Kecskemet Toth Laszlo II"]
[BlackTeam "Karcag"]
[WhiteTeamCountry "HUN"]
[BlackTeamCountry "HUN"]

1. c4 e6 2. g3 Nf6 3. Bg2 d5 4. Nf3 Bd6 5. 0-0 0-0 6. b3 dxc4 7. bxc4 e5 8. d3 c6 9. Nbd2 h6 10. Bb2 Re8 11. Qc2 Na6 12. Bc3 Nc5 13. Rfe1 Bf5 14. e4 Bg6 15. Nb3 Nfd7 16. Nh4 Bh7 17. Nf5 Bf8 18. Rad1 Qc7 19. d4 exd4 20. Bxd4 Rad8 21. Be3 Nxb3 22. axb3 Bc5 23. Bxc5 Nxc5 24. b4 Bxf5 25. exf5 Rxe1+ 26. Rxe1 Nd3 27. Rb1 b6 28. Be4 Ne5 29. c5 b5 30. Rd1 a5 31. Rxd8+ Qxd8 32. Qc3 Nc4 33. Bxc6 axb4 34. Qxb4 Qd1+ 35. Kg2 Qg4 36. Qxb5 Qe2 37. Qb8+ Kh7 38. Qe8 Qa2 39. f6 gxf6 40. Qxf7+ Kh8 41. Qf8+ 1-0

[Event "HUN-chT2 Toth 1718"]
[Site "Hungary"]
[Date "2017.09.24"]
[Round "1.5"]
[White "Demeter, Dorina"]
[Black "Puha, Peter"]
[Result "1/2-1/2"]
[WhiteElo "1999"]
[BlackElo "1956"]
[PlyCount "85"]
[EventDate "2017.09.24"]
[EventType "team-tourn"]
[EventRounds "11"]
[EventCountry "HUN"]
[SourceTitle "EXT 2021"]
[Source "ChessBase"]
[SourceDate "2020.10.23"]
[SourceVersion "1"]
[SourceVersionDate "2020.10.23"]
[SourceQuality "1"]
[WhiteTeam "Mako Duocor II"]
[BlackTeam "Karcag"]
[WhiteTeamCountry "HUN"]
[BlackTeamCountry "HUN"]

1. d4 d5 2. c4 e6 3. Nc3 Nf6 4. cxd5 exd5 5. Bg5 c6 6. e3 Be7 7. Qc2 0-0 8. Bd3 Nbd7 9. Nge2 Re8 10. f3 Nf8 11. 0-0 Bd6 12. e4 dxe4 13. Nxe4 Be7 14. Rad1 Nd5 15. Bd2 Ne6 16. Nc5 g6 17. Nxe6 Bxe6 18. a3 Qb6 19. Kh1 Bf6 20. Bc1 Rad8 21. Be4 Nc7 22. b4 Nb5 23. f4 Bg4 24. Rde1 Nxd4 25. Nxd4 Qxd4 26. f5 gxf5 27. Bxf5 Bxf5 28. Rxe8+ Rxe8 29. Qxf5 Qe5 30. Qg4+ Kh8 31. Qd7 Qe7 32. Qf5 Qe6 33. Qf3 Bd4 34. h3 f6 35. Rd1 Qe4 36. Qf1 Rg8 37. Re1 Qh4 38. Bf4 Bb2 39. a4 Bc3 40. Re4 Qh5 41. Re3 Bxb4 42. Be5 fxe5 43. Qf6+ 1/2-1/2

[Event "HUN-chT2 Toth 1516"]
[Site "Hungary"]
[Date "2015.10.18"]
[Round "3.4"]
[White "Kelly, Laszlo Endre"]
[Black "Puha, Peter"]
[Result "1-0"]
[WhiteElo "2216"]
[BlackElo "2004"]
[PlyCount "59"]
[EventDate "2015.09.13"]
[EventType "team-tourn"]
[EventRounds "11"]
[EventCountry "HUN"]
[SourceTitle "CBM 170 Extra"]
[Source "ChessBase"]
[SourceDate "2016.02.25"]
[SourceVersion "1"]
[SourceVersionDate "2016.02.25"]
[SourceQuality "1"]
[WhiteTeam "Gyula"]
[BlackTeam "Karcag"]
[WhiteTeamCountry "HUN"]
[BlackTeamCountry "HUN"]

1. g3 d5 2. Bg2 e5 3. c4 dxc4 4. Qa4+ c6 5. Qxc4 Be6 6. Qa4 Nf6 7. Nf3 Nbd7 8. 0-0 Qc7 9. d4 Bd6 10. Nc3 exd4 11. Nxd4 Nc5 12. Nxe6 Nxe6 13. b4 a6 14. Bb2 0-0 15. Rac1 Qb6 16. a3 a5 17. b5 Nc5 18. Qc4 Rac8 19. Ba1 Ne6 20. bxc6 Bxa3 21. Rb1 Bb4 22. Na2 bxc6 23. Nxb4 axb4 24. Bxf6 gxf6 25. Rxb4 Qa5 26. Qh4 Qe5 27. Re4 Qb2 28. Bh3 Ra8 29. Bf5 Ng5 30. f4 1-0

[Event "HUN-chT2 Toth 1415"]
[Site "Hungary"]
[Date "2015.03.01"]
[Round "9.10"]
[White "Puha, Peter"]
[Black "Nagy, Viktor"]
[Result "1-0"]
[WhiteElo "1946"]
[BlackElo "1650"]
[PlyCount "119"]
[EventDate "2014.09.07"]
[EventType "team-tourn"]
[EventRounds "11"]
[EventCountry "HUN"]
[SourceTitle "EXT 2016"]
[Source "ChessBase"]
[SourceDate "2015.10.08"]
[SourceVersion "1"]
[SourceVersionDate "2015.10.08"]
[SourceQuality "1"]
[WhiteTeam "Karcag"]
[BlackTeam "Szentes"]
[WhiteTeamCountry "HUN"]
[BlackTeamCountry "HUN"]

1. e4 d5 2. Nc3 d4 3. Nce2 Bg4 4. h3 Bh5 5. g4 Bg6 6. Bg2 e5 7. d3 Bd6 8. h4 f6 9. f4 h6 10. Nf3 Nd7 11. f5 Bf7 12. Kf2 Be7 13. Neg1 c6 14. Nh3 Qb6 15. g5 0-0-0 16. g6 Be8 17. Nd2 Bd6 18. Nc4 Qc7 19. Nxd6+ Qxd6 20. Ng1 Nb6 21. a4 Kb8 22. a5 Nc8 23. Bd2 c5 24. Ne2 Bb5 25. Ng3 Nge7 26. Nh5 Rhg8 27. Bf3 Qd7 28. Bxh6 Nc6 29. Bd2 c4 30. Be2 Nd6 31. Ng3 Ne7 32. h5 Qc6 33. h6 Ne8 34. hxg7 Nxg7 35. Rh7 Rd7 36. Bh6 Nc8 37. Nh5 Nxh5 38. Bxh5 Nd6 39. Qe2 Ne8 40. Rxd7 Qxd7 41. dxc4 Bc6 42. Bf3 Qd6 43. Bd2 Ng7 44. Rh1 Qe7 45. Rh7 Qe8 46. Bh6 Ne6 47. g7 Nc7 48. Bh5 Qd8 49. Bf7 Rxg7 50. Rxg7 Qe7 51. Bd5 Qc5 52. Bxc6 bxc6 53. Rg8+ Kb7 54. Qd3 Ka6 55. Bd2 Kb7 56. b4 Qe7 57. b5 Qh7 58. bxc6+ Kxc6 59. Qg3 Qh1 60. Rg6 1-0

[Event "HUN-chT2 Toth 1112"]
[Site "Hungary"]
[Date "2012.05.20"]
[Round "11.5"]
[White "Puha, Peter"]
[Black "Marjanovics, Gyorgy"]
[Result "1-0"]
[WhiteElo "2012"]
[BlackElo "2074"]
[PlyCount "59"]
[EventDate "2011.09.25"]
[EventType "team-tourn"]
[EventRounds "11"]
[EventCountry "HUN"]
[SourceTitle "EXT 2013"]
[Source "ChessBase"]
[SourceDate "2012.11.22"]
[SourceVersion "1"]
[SourceVersionDate "2012.11.22"]
[SourceQuality "1"]
[WhiteTeam "Karcag"]
[BlackTeam "Maroczy II"]
[WhiteTeamCountry "HUN"]
[BlackTeamCountry "HUN"]

1. e4 e5 2. Nf3 Nc6 3. Bc4 Bc5 4. c3 Nf6 5. d3 a6 6. a4 d6 7. 0-0 h6 8. b4 Ba7 9. Qb3 0-0 10. h3 Qe7 11. Na3 Nh5 12. Nc2 Qf6 13. Kh2 g5 14. Be3 Nf4 15. Bxa7 Rxa7 16. Ne3 h5 17. Ng1 g4 18. g3 Ng6 19. Nd5 Qd8 20. f4 h4 21. f5 hxg3+ 22. Kxg3 Qh4+ 23. Kg2 Nf4+ 24. Nxf4 exf4 25. Rxf4 gxh3+ 26. Nxh3 Qh5 27. Rg1 Ne5 28. Kf2+ Kh8 29. Qd1 Qh6 30. Rg5 1-0

[Event "HUN-chT2 Toth 1011"]
[Site "Hungary"]
[Date "2011.05.01"]
[Round "10.7"]
[White "Puha, Peter"]
[Black "Molnar, Jozsef"]
[Result "1-0"]
[WhiteElo "1960"]
[BlackElo "1770"]
[PlyCount "75"]
[EventDate "2010.09.12"]
[EventType "team-tourn"]
[EventRounds "11"]
[EventCountry "HUN"]
[SourceTitle "EXT 2012"]
[Source "ChessBase"]
[SourceDate "2011.11.24"]
[SourceVersion "1"]
[SourceVersionDate "2011.11.24"]
[SourceQuality "1"]
[WhiteTeam "Karcag"]
[BlackTeam "Abony"]
[WhiteTeamCountry "HUN"]
[BlackTeamCountry "HUN"]

1. e4 c5 2. d4 cxd4 3. c3 dxc3 4. Nxc3 d6 5. Bc4 e6 6. Nf3 Nc6 7. 0-0 Be7 8. Qe2 Nf6 9. h3 a6 10. Rd1 Qc7 11. Bf4 Nd7 12. Rac1 Nde5 13. Bb3 0-0 14. Nd5 Qd8 15. Nxe5 exd5 16. Nxc6 bxc6 17. exd5 c5 18. Rc4 Bg5 19. Qh5 h6 20. Re1 Bf5 21. Bxg5 hxg5 22. Qf3 g6 23. Ba4 Bd7 24. Bxd7 Qxd7 25. Rce4 Rfe8 26. Qe3 Rxe4 27. Qxe4 Qb7 28. b3 Rc8 29. Qg4 Rb8 30. Qxg5 Kg7 31. Re7 Qb4 32. Qg3 Rb6 33. Qf3 Qd4 34. Qxf7+ Kh6 35. Qh7+ Kg5 36. Re6 Qd3 37. h4+ Kf4 38. Qh6+ 1-0

[Event "HUN-chT2 Toth 1011"]
[Site "Hungary"]
[Date "2011.04.10"]
[Round "8.7"]
[White "Puha, Peter"]
[Black "Botta, Tibor"]
[Result "1-0"]
[WhiteElo "1960"]
[BlackElo "2198"]
[PlyCount "143"]
[EventDate "2010.09.12"]
[EventType "team-tourn"]
[EventRounds "11"]
[EventCountry "HUN"]
[SourceTitle "EXT 2012"]
[Source "ChessBase"]
[SourceDate "2011.11.24"]
[SourceVersion "1"]
[SourceVersionDate "2011.11.24"]
[SourceQuality "1"]
[WhiteTeam "Karcag"]
[BlackTeam "Takisz"]
[WhiteTeamCountry "HUN"]
[BlackTeamCountry "HUN"]

1. e4 e6 2. d4 d5 3. exd5 exd5 4. c4 Nf6 5. Nc3 Bb4 6. Nf3 0-0 7. Bg5 c6 8. Qb3 Bxc3+ 9. bxc3 dxc4 10. Bxc4 Nbd7 11. 0-0 h6 12. Bh4 Qb6 13. Qc2 Qa5 14. Rfe1 Nd5 15. Bxd5 Qxd5 16. c4 Qh5 17. Be7 Re8 18. Bd6 Re6 19. Rxe6 fxe6 20. Re1 Nf6 21. Re5 Qf7 22. Nh4 Bd7 23. Ng6 Re8 24. Re3 Bc8 25. Ne5 Qh5 26. Ng6 Kf7 27. Nf4 Qf5 28. Qd1 g5 29. Nh5 g4 30. Nxf6 Kxf6 31. Re5 Qg6 32. Qd2 Qb1+ 33. Re1 Qg6 34. Qf4+ Kg7 35. Re4 h5 36. g3 Bd7 37. Re3 Qf6 38. Re5 Kf7 39. Qxf6+ Kxf6 40. Rxh5 Kg6 41. Ra5 a6 42. Bf4 Kf7 43. Kg2 Bc8 44. c5 Rh8 45. Ra3 Kg6 46. Re3 Rh5 47. f3 gxf3+ 48. Rxf3 Bd7 49. g4 Rh7 50. Kg3 Be8 51. h4 Rd7 52. h5+ Kh7 53. Bd6 Rf7 54. Re3 Bd7 55. Kh4 Rf2 56. Be5 Rxa2 57. Rf3 Kg8 58. h6 Be8 59. Bg7 Bf7 60. Kg5 Rh2 61. Kf6 Rh4 62. Ke7 Rxg4 63. Rxf7 Kh7 64. Kxe6 Re4+ 65. Kf5 Re2 66. Rxb7 Rf2+ 67. Ke6 Re2+ 68. Kd6 a5 69. Ra7 Ra2 70. Kxc6 a4 71. d5 a3 72. d6 1-0

[Event "HUN-chT2 Toth 0910"]
[Site "Hungary"]
[Date "2010.04.11"]
[Round "9.1"]
[White "Puha, Peter"]
[Black "Hegyesi, Zoltan"]
[Result "0-1"]
[WhiteElo "2015"]
[BlackElo "2085"]
[PlyCount "78"]
[EventDate "2009.11.08"]
[EventType "team-tourn"]
[EventRounds "11"]
[EventCountry "HUN"]
[SourceTitle "EXT 2011"]
[Source "ChessBase"]
[SourceDate "2010.11.26"]
[SourceVersion "1"]
[SourceVersionDate "2010.11.26"]
[SourceQuality "1"]
[WhiteTeam "Karcag"]
[BlackTeam "Bekes"]
[WhiteTeamCountry "HUN"]
[BlackTeamCountry "HUN"]

1. e4 c6 2. d4 d5 3. f3 g6 4. Nc3 Bg7 5. Be3 dxe4 6. fxe4 Nf6 7. Be2 e5 8. dxe5 Qxd1+ 9. Nxd1 Nfd7 10. e6 fxe6 11. Nf3 b6 12. Ng5 Ne5 13. 0-0 h6 14. Nh3 g5 15. Bh5+ Ke7 16. Nhf2 Ba6 17. Nd3 Nbd7 18. Be2 Bb7 19. N1f2 Nxd3 20. Nxd3 c5 21. Rab1 Bxe4 22. b4 Bd4 23. Bxd4 cxd4 24. Bf3 Bxf3 25. Rxf3 Rhf8 26. Rbf1 Kd6 27. Rh3 Rxf1+ 28. Kxf1 Rf8+ 29. Ke2 Rf6 30. Nf2 Kd5 31. Ng4 Rf4 32. Nxh6 Ne5 33. Ng8 Ng4 34. Rg3 Kc4 35. h3 Ne3 36. Ne7 Nxc2 37. Rxg5 d3+ 38. Kd2 Rf2+ 39. Kc1 Kc3 0-1